Macrófitas y vertebrados de los sistemas límnicos de Chile
Kaydedildi:
| Yazar: | |
|---|---|
| Diğer Yazarlar: | , , |
| Materyal Türü: | Kitap |
| Dil: | İspanyolca |
| Baskı/Yayın Bilgisi: |
Santiago,Chile
Universitaria
2006
|
| Seri Bilgileri: | Colección Textos Universitarios. Biodiversidad
|
| Konular: | |
| Etiketler: |
Etiketle
Etiket eklenmemiş, İlk siz ekleyin!
|
MARC
| LEADER | 00000nam a2200000 a 4500 | ||
|---|---|---|---|
| 001 | UCJ9747 | ||
| 003 | CL-VaPUC | ||
| 005 | 20250103092051.0 | ||
| 008 | 070405e20060000CL |||||||||||||||||spa|d | ||
| 999 | |c 325157 |d 325155 | ||
| 020 | |a 9561118513 | ||
| 040 | |c Pontificia Universidad Católica de Valparaíso | ||
| 082 | 0 | 4 | |a 577.6 VIL 2006 |2 21 |
| 100 | 0 | |a Vila, Irma |9 519807 | |
| 245 | 1 | 0 | |a Macrófitas y vertebrados de los sistemas límnicos de Chile |
| 260 | 0 | 3 | |a Santiago,Chile |b Universitaria |c 2006 |
| 300 | |a 186 páginas | ||
| 490 | 0 | |a Colección Textos Universitarios. Biodiversidad | |
| 583 | |a last modification |c 20070405 00:00:00 |k Rodrigo Vera | ||
| 650 | 0 | |a Ecología acuática |9 261395 | |
| 650 | 0 | |a Cuencas hidrográficas |9 366259 | |
| 650 | 0 | |a Recursos naturales |9 255232 | |
| 650 | 7 | |a LIMNOLOGIA |2 CL-VaPUC |9 261208 | |
| 650 | 0 | |a Zonas húmedas |9 519811 | |
| 651 | 7 | |a CHILE |2 CL-VaPUC |9 519812 | |
| 700 | 0 | |a Veloso, Alberto |9 519808 | |
| 700 | 0 | |a Schlatter, Roberto |9 519809 | |
| 700 | 0 | |a Ramírez, Carlos |9 519810 | |
| 942 | |c BK |2 ddc | ||
| 945 | |d 20070405 00:00:00 |a cmena | ||
| 952 | |0 0 |1 0 |2 ddc |4 0 |6 577_600000000000000_VIL_2006 |7 0 |8 CCM |9 405763 |a BIBCUR |b BIBCUR |d 2019-11-22 |i 4329732 |o 577.6 VIL 2006 |p 4329732 |r 2025-04-22 |t 2 |w 2019-11-22 |y BK |k CIM | ||
| 952 | |0 0 |1 0 |2 ddc |4 0 |6 577_600000000000000_VIL_2006 |7 0 |8 CCM |9 405764 |a BIBCUR |b BIBCUR |c PAC |d 2019-11-22 |i 4329740 |o 577.6 VIL 2006 |p 4329740 |r 2025-04-22 |t 3 |w 2019-11-22 |y BK |k CIM | ||
| 952 | |0 0 |1 0 |2 ddc |4 0 |6 577_600000000000000_VIL_2006 |7 0 |8 A |9 405765 |a BIBCUR |b BIBCUR |d 2019-11-22 |i 4405579 |o 577.6 VIL 2006 |p 4405579 |r 2025-04-22 |t 1 |w 2019-11-22 |y BK |k BIO | ||
| 952 | |0 0 |1 0 |2 ddc |4 0 |6 577_600000000000000_VIL_2006 |7 0 |8 CCM |9 405766 |a BIBCUR |b BIBCUR |c PAC |d 2019-11-22 |i 4670914 |o 577.6 VIL 2006 |p 4670914 |r 2025-04-22 |t 4 |w 2019-11-22 |y BK |k RNT | ||